000 00693nam a2200229 a 4500
999 _c10593
_d10593
001 10593
003 BD-JhCC
005 20180728084910.0
008 180728s20131997bg |||| ||a| 000 0 ben d
035 _a(BD-JhCC)10593
040 _aBD-JhCC
_dBD-JhCC
041 _aben
082 _223
_a891.4415
_bUDD 2013
100 _aউদ্দীন, জসীম
_qপল্লীকবি
245 _aগাঙের পাড় /
_bজসীম উদ্দীন
260 _aঢাকা:
_bপলাশ প্রকাশনী,
_c২০১৩.
300 _a31 p.:
_c22 cm.
650 _aBengali Poem
650 _aবাংলা কবিতা
942 _2ddc
_cBK